000
00302nam a22001337a 4500
020
_a
81-87834-38-2
082
_a
920
_b
VAS/G
100
_a
VASANTH,ANITHA
245
_a
LEADERS OF PEOPLE
260
_a
CHENNAI
_b
SEASONS PUBLISHING
300
_a
126
650
_a
STORIES OF LEADERS
_z
CHENNAI
942
_c
BK
999
_c
6362
_d
6362